Statistics for Gold Medal Winners in Athletics at the London 2012 Olympics

Click here to take the quiz!

General Stats

  • This quiz has been taken 266 times
    (106 since last reset)
  • The average score is 14 of 47

Answer Stats

HintAnswer% Correct
Men's 100mUsain Bolt
93%
Men's 200mUsain Bolt
93%
Women's 4x400m RelayUnited States of America
88%
Women's 4x100m RelayUnited States of America
88%
Men's 4x100m RelayJamaica
83%
Men's 5,000mMo Farah
75%
Men's 10,000mMo Farah
75%
Men's 800mDavid Rudisha
57%
Womens HeptathlonJessica Ennis
51%
Women's 100mShelly-Ann Fraser-Pryce
47%
Women's 200mAllyson Felix
43%
Men's 4x400m RelayBahamas
42%
Mens 400mKirani James
40%
Men's DecathlonAshton Eaton
39%
Men's 110m HurdlesAries Merritt
37%
Men's Long JumpGreg Rutherford
33%
Men's Triple JumpChristian Taylor
28%
Women's 10,000mTirunesh Dibaba
28%
Women's Shot PutValerie Adams
28%
Women's 100m HurdlesSally Pearson
25%
Men's Pole VaultRenaud Lavillenie
23%
Men's 400m HurdlesFèlix Sànchez
21%
Women's DiscusSandra Perković
21%
Women's 400mSanya Richards-Ross
20%
Men's DiscusRobert Harting
18%
Women's JavelinBarbora Špotáková
17%
Women's Long JumpBrittney Reese
17%
Men's 1,500mTauofik Makhloufi
15%
Men's 3,000m SteeplechaseEzekeil Kemboi
14%
Women's 5,000mMeseret Defar
12%
Men's JavelinKeshorn Walcott
11%
Women's High JumpAnna Chicherova
10%
Men's Shot PutTomasz Majewski
8%
Men's HammerKrisztian Pars
7%
Women's 400m HurdlesNatalya Antyukh
7%
Men's MarathonStephen Kiprotich
7%
Women's HammerTatyana Lysenko
7%
Men's High JumpIvan Ukhov
5%
Women's Triple JumpOlga Rypakova
5%
Women's Pole VaultJenn Surh
4%
Women's 1,500mAslı Çakır Alptekin
3%
Men's 20km WalkChen Ding
3%
Women's 800mMariya Savinova
3%
Women's MarathonTiki Gelana
3%
Women's 3,000m SteeplechaseYuliya Zaripova
2%
Women's 20km WalkElena Lashmanova
0%
Men's 50km WalkSergey Kirdyapkin
0%

Score Distribution

Percentile by Number Answered

Percent of People with Each Score

Your Score History

You have not taken this quiz since the last reset